| 000 | 00842nam a2200289 a 4500 | ||
|---|---|---|---|
| 001 | 34270 | ||
| 003 | AR-BaAGN | ||
| 005 | 20231116145430.0 | ||
| 007 | ta | ||
| 008 | 220625s1980 ag |||||r|||| ||||||spa d | ||
| 040 |
_dAR-BaAGN _aAR-BaAGN _bspa _eaacr |
||
| 100 | 1 | _aHux, Meinrado | |
| 245 | 1 | 0 | _aUna excursión apostólica del padre Salvaire a Salinas Grandes según su esbozo de diario completado |
| 250 | _a1ª ed. | ||
| 260 |
_aBuenos Aires : _bEdiciones Culturales Argentinas, _c1980. |
||
| 300 | _a146 páginas | ||
| 336 |
_2rdacontent _btxt |
||
| 337 |
_2rdamedia _bn |
||
| 338 |
_2rdacarrier _bnc |
||
| 600 | 1 | 4 | _aSalvaire, José María |
| 650 | 4 |
_aCATOLICISMO _91589 |
|
| 651 | 4 |
_aSalinas Grandes (Buenos Aires y La Pampa) _96476 |
|
| 651 | 4 |
_aArgentina _93645 |
|
| 942 | _cLIBRO | ||
| 999 |
_c34270 _d34270 |
||